| 000 | 01188nam a22003017a 4500 | ||
|---|---|---|---|
| 001 | 7647 | ||
| 003 | FISKH | ||
| 005 | 20250729143713.0 | ||
| 008 | 250729b cb ||||| |||| 00| 0 eng d | ||
| 020 | _a9780763659196 | ||
| 040 |
_aFISKH _beng _cFISKH _dFISKH |
||
| 050 | _aTD793 .W35 | ||
| 082 | _a640 | ||
| 100 | _aWalsh, Melanie | ||
| 245 |
_a10 things I can do to help my world / _cBy Melanie Walsh |
||
| 250 | _aFirst U.S. paperback edition 2012 | ||
| 260 |
_aMassachusetts : _bCandlewick Press , _c2008. |
||
| 300 |
_a40 unnumbered pages : _bcolor illustrations ; _c27 cm . |
||
| 505 | _aM | ||
| 520 | _aA beautifully simple book for small children where transforming pages reveal ten things that everyone can do to help conserve their world. Many of them, such as turning off the television, and turning off lights when leaving a room are about conserving energy. Others will encourage an understanding of nature and conservation. | ||
| 521 | 8 |
_a550
_bLexile AD |
|
| 521 | 8 |
_aM
_bRaz-Plus |
|
| 650 |
_aConservation _vNon-fiction |
||
| 650 |
_aGreen living _vNon-fiction |
||
| 650 |
_aRecycling _vNon-fiction |
||
| 942 |
_2ddc _cBK _n0 |
||
| 999 |
_c7647 _d7647 |
||